Current AEW Roster - Statistics

General Stats
  • This quiz has been taken 137 times
    33 since last reset
  • The average score is 75 of 167
Answer Stats
Wrestler % Correct
Jon Moxley
94%
MJF
94%
Christian Cage
88%
Cope
88%
Wheeler Yuta
88%
Cash Wheeler
82%
Chris Jericho
82%
Claudio Castagnoli
82%
"Hangman" Adam Page
82%
Kazuchika Okada
82%
Kenny Omega
82%
Kyle Fletcher
82%
Mercedes Moné
82%
Pac
82%
Toni Storm
82%
Andrade El Idolo
76%
Bandido
76%
Darby Allin
76%
Jack Perry
76%
Kevin Knight
76%
Matt Jackson
76%
Nick Jackson
76%
Orange Cassidy
76%
Adam Cole
71%
Hologram
71%
Hook
71%
Isiah Kassidy
71%
Konosuke Takeshita
71%
Kris Statlander
71%
Marina Shafir
71%
Místico
71%
Sammy Guevara
71%
Tommaso Ciampa
71%
Anthony Bowens
65%
Austin Gunn
65%
Billy Gunn
65%
Brody King
65%
Colten Gunn
65%
Daniel Garcia
65%
Dax Harwood
65%
Dustin Rhodes
65%
Kyle O'Reilly
65%
Lio Rush
65%
Mike Bailey
65%
Nick Wayne
65%
Ricochet
65%
Samoa Joe
65%
Skye Blue
65%
Swerve Strickland
65%
The Beast Mortos
65%
Will Ospreay
65%
Big Bill
59%
Bobby Lashley
59%
Julia Hart
59%
Keith Lee
59%
Killswitch
59%
Mark Davis
59%
Max Caster
59%
Megan Bayne
59%
Mina Shirakawa
59%
Roderick Strong
59%
Scorpio Sky
59%
Thekla
59%
Ace Austin
53%
Alex Windsor
53%
Anna Jay
53%
Brian Cage
53%
Cassie Lee
53%
Jamie Hayter
53%
Katsuyori Shibata
53%
Mark Briscoe
53%
MVP
53%
Rush
53%
Shelton Benjamin
53%
Willow Nightingale
53%
Athena
47%
Buddy Matthews
47%
Gabe Kidd
47%
Hikaru Shida
47%
Jay White
47%
Johnny TV
47%
Josh Alexander
47%
Mansoor
47%
Bryan Keith
41%
David Finlay
41%
Evil Uno
41%
Lee Johnson
41%
Wardlow
41%
Action Andretti
35%
Alex Reynolds
35%
Billie Starkz
35%
Clark Connors
35%
Dante Martin
35%
Darius Martin
35%
Dr. Britt Baker D.M.D.
35%
Eddie Kingston
35%
Harley Cameron
35%
Hechicero
35%
Juice Robinson
35%
Mason Madden
35%
Penelope Ford
35%
Shawn Dean
35%
Trent Beretta
35%
Aaron Solo
29%
Angélico
29%
Angelo Parker
29%
Brandon Cutler
29%
Dralístico
29%
Jay Lethal
29%
John Silver
29%
Kip Sabian
29%
Kota Ibushi
29%
Lance Archer
29%
Lee Moriarty
29%
Marq Quen
29%
Nyla Rose
29%
Ortiz
29%
Preston Vance
29%
Riho
29%
Taya Valkyrie
29%
Thunder Rosa
29%
Tony Nese
29%
Viva Van
29%
Anthony Ogogo
24%
AR Fox
24%
Ariya Daivari
24%
Bishop Kaun
24%
Carlie Bravo
24%
Colt Cabana
24%
Griff Garrison
24%
Jeff Jarrett
24%
Komander
24%
Leila Grey
24%
Matt Menard
24%
Peter Avalon
24%
Shane Taylor
24%
Toa Liona
24%
Jessie McKay
18%
Kamille
18%
Marshall Von Erich
18%
Matt Sydal
18%
Mike Bennett
18%
Queen Aminata
18%
Red Velvet
18%
Rocky Romero
18%
Ross Von Erich
18%
Ruby Soho
18%
Satnam Singh
18%
Serpentico
18%
Tay Melo
18%
The Blade
18%
The Butcher
18%
Turbo Floyd
18%
Diamante
12%
Emi Sakura
12%
Josh Woods
12%
Matt Taven
12%
Nick Comoroto
12%
Ronda Rousey
12%
Serena Deeb
12%
Truth Magnum
12%
Cole Karter
6%
Deonna Purrazzo
6%
Rachael Ellering
6%
Yuka Sakazaki
6%
Madison Rayne
0%
Tommy Billington
0%
No matching quizzes found
Score Distribution
Percent of People with Each Score
Percentile by Number Answered
Your Score History
You have not taken this quiz since the last reset